000
00290nam a22001337a 4500
082
_a
894.812
_b
JOJ/E
100
_a
JOJI
245
_a
EVIDE SATHYAM NILAVILIKKUNNU
260
_a
THRISSUR
_b
NISHAGANDHI PUBLICATIONS
_c
2007
300
_a
384
520
_a
NOVEL
650
_a
NOVEL
942
_c
BK
999
_c
4909
_d
4909